Silksong - Boss - Statistiques

Statistiques générales
  • Ce quiz a été pris 117 fois
  • Le résultat moyen est 21 sur 42
Statistiques - réponses
Localisation Boss % Correct
Quais Profonds Lace #1
89%
Le Berceau Lace #2
89%
Marches Erodées Dernière Juge
82%
Noyau Mécanique Duo Mécanique
77%
Clochelle Veuve
76%
Terres Lointaines Quatrième Chorale
73%
Les Abysses Lace Déchue
69%
L'Antre Bête des Cloches
68%
Terres Lointaines Chanteuse Skarr Karmelita
68%
Le Berceau Mère Supérieure Soie
68%
Grotte Verdoyante Mère Forestière
65%
Bilesac Fantôme
63%
Voûtes des Murmures Trobbio
63%
Bosquet du Feu Follet Père de la Flamme
61%
Coquibois Soeur Ecorceuse
60%
Sombrevale Ailebrume
56%
Le Bloc Péché Originel
56%
Coquibois Seth Gardien du Sanctuaire
56%
L'Antre Crâne-Tyran
52%
Tréfloria Duo Tréfleur
52%
Le Bloc Mère Nourricière
50%
Tréfloria Cerf Pâle
48%
Coquibois Nyleth
48%
Voûtes des Murmures Trobbio Tourmenté
48%
Bilesac Groal le Grand
47%
Mont Fay Maîtresse de la Pique
47%
Sables Karak Roi Corail Khann
44%
Sentier du Chasseur Volpeste Enragée
44%
Sombrevale (secret) Shakra
42%
Sombrevale Père Corbotère
37%
Chemin du Pêcheur Chef Déshonoré Lugoli
35%
Grandes Galeries Deuxième Sentinelle
35%
Vermiterres Zango Plasmifié
35%
Sables Karak Gardien de la Frontière
32%
Marches Erodées Garmond Perdu
31%
Terres Lointaines Gurr le Banni
31%
Alcôves de la Chorale Dévoreur de Cloches
29%
Quais Profonds Frères Précurseurs Signis & Gron
26%
Aile Blanche Les Tissés
23%
Sables Karak Foudrelon
21%
Marches Erodées Volucornes
21%
Sables Karak Volucorne en Furie
18%
Aucun quiz correspondant
Distribution des résultats
% des personnes avec chaque résultat
Percentile par nombre de réponses
Votre historique - résultats
Vous n’avez pas pris ce quiz